MARC

LEADER 00000nam0a2200000 4500
001 56635
005 20231101211621.0
010 |a 5884654162 
035 |a (RuTPU)RU\TPU\book\59490 
090 |a 56635 
100 |a 20031003d2002 k y0rusy50 ca 
101 0 |a rus 
102 |a RU 
105 |a a z 001zy 
200 1 |a Исследование напряжений, деформаций и прочности сменных режущих пластин методом конечных элементов  |f Е. В. Артамонов, Т. Е. Помигалова, М. Х. Утешев  |g Тюменский государственный нефтегазовый университет 
210 |a Тюмень  |c ТюмГНГУ  |d 2002 
215 |a 147 с.  |c ил. 
320 |a Библиогр.: с. 136-144 
606 1 |a Режущие инструменты  |x Прочность  |2 stltpush  |3 (RuTPU)RU\TPU\subj\24416  |9 48767 
610 1 |a режущий инструмент 
610 1 |a напряженно-деформированное состояние 
610 1 |a методы 
610 1 |a конечные элементы 
610 1 |a сменные многогранные пластины 
610 1 |a расчет 
610 1 |a позиционирование 
610 1 |a точность 
610 1 |a применение 
675 |a 621.9.02:539.4  |v 3 
700 1 |a Артамонов  |b Е. В.  |g Евгений Владимирович 
701 1 |a Помигалова  |b Т. Е.  |g Татьяна Евгеньевна 
701 1 |a Утешев  |b М. Х.  |g Мирабо Хусаинович 
712 0 2 |a Тюменский государственный нефтегазовый университет  |2 stltpush  |3 (RuTPU)RU\TPU\col\99 
801 1 |a RU  |b 63413507  |c 20031003  |g PSBO 
801 2 |a RU  |b 63413507  |c 20201027  |g PSBO 
942 |c BK